000 00338 a2200145 4500
001 179675
020 _a
040 _cMagnum
100 _aAraújo, Maria Yvonne Atalécio de
240 1 0 _aCriancas, sempre criancas
_lpor
245 1 0 _aCriancas, sempre criancas
362 0 _a1899
697 _aMAGNITO: IJ/PARADIDATICO
942 _cBK
999 _c179675
_d179675